Alteritas, minoritas..
Elmentve itt :
| Szerző: | |
|---|---|
| Adatforrás: | Meister |
| Forrásdokumentuma: | A Hét. - 3 sz., 1996, 5 p. |
| Nyelv: | magyar |
| Kulcsszavak: | sajtótörténet sajtó Magyar Kisebbség Altera |
| LEADER | 00386nab a2200157 i 4500 | ||
|---|---|---|---|
| 001 | bibPRO00005976 | ||
| 008 | 060524s1996 xx hun | ||
| 040 | |a Sz1 | ||
| 041 | |a hun | ||
| 100 | 1 | |a BAKK Miklós | |
| 245 | 1 | 0 | |a Alteritas, minoritas.. |c BAKK Miklós |
| 695 | |a sajtótörténet | ||
| 695 | |a sajtó | ||
| 695 | |a Magyar Kisebbség | ||
| 695 | |a Altera | ||
| 773 | 0 | |t A Hét. - |g 3 sz., 1996, 5 p. | |